01064cam a22003131a 4500001001300000003000400013005001700017008004100034010001700075035001800092040003000110042001200140043001200152050002300164086002500187100002300212245007000235260005900305300005000364490003500414500002000449500002600469504005500495650003300550700003400583710004200617830007400659999001700733gs 64000322 DLC20260227111415.0730129s1963 ohuab b 000 0 eng  ags 64000322  a(OCoLC)546852 aDLCcODaWUdOCoLCdOdDLC apremarc an-us-oh00aQE151b.A18 no. 610 aONR 84.19:612ohdocs1 aDeLong, Richard M.10aGeology of Stark County /cby Richard M. DeLong, George W. White. aColumbus :bOhio Division of Geological Survey,c1963. ax, 209 p. ;bill., maps (some col.) ;c28 cm.1 aReport of investigations ;v61 aMaps in pocket. aErrata slip inserted. aIncludes bibliographical references (p. 194-202). 0aGeologyzOhiozStark County.1 aWhite, George Willard,d1903-1 aOhio.bDivision of Geological Survey. 0aReport of investigations (Ohio. Division of Geological Survey) ;v61. c29897d29897